00870nab a2200241uuc4500001000800000005001700008008004100025035001200066035002100078040001300099041000800112100005200120245007600172260001000248650002800258650004000286650003600326650006400362650004400426773012900470942001000599999001900609115824920260408100653.0090731s2009 spa  a1158249 a(OCoLC)820490359 ccomduadb aspa10aOrozco Padilla, Sonia Cecilia4auteaut948827510aRealidades ocultas detras de la experimentacion cientifica con animales c2009. aBienestar animal923681 7aAnimales de laboratorio2dcs930859 aMaltrato a los animales9140899 aSinger, Peter, 1946- - Crítica e interpretación9179842 7aExperimentación animal2embne92373900 tRevista Colombiana de Ciencias Pecuarias (Medellín)gVolumen 22, Número 01, Marzo 2009, 87-90w315324x0120-06900107734 cARIMP c522005d522005